书目信息 |
| 题名: |
小儿临床用药100问
|
|
| 作者: | 宋新文 , 庞德志 主编 | |
| 分册: | ||
| 出版信息: | 北京 化学工业出版社 2008.01 |
|
| 页数: | 205页 | |
| 开本: | 21cm | |
| 丛书名: | ||
| 单 册: | ||
| 中图分类: | R985-44 | |
| 科图分类: | ||
| 主题词: | 小儿疾病--xiao er ji bing--药物--问答 | |
| 电子资源: | ||
| ISBN: | 978-7-122-01313-2 | |
| 000 | 01053nam0 2200253 450 | |
| 001 | 012008288265 | |
| 005 | 20080508084233.92 | |
| 010 | @a978-7-122-01313-2@dCNY16.00 | |
| 100 | @a20080508d2008 em y0chiy0120 ea | |
| 101 | 0 | @achi |
| 102 | @aCN@b110000 | |
| 105 | @ay a 000yy | |
| 106 | @ar | |
| 200 | 1 | @a小儿临床用药100问@Axiao er lin chuang yong yao 100 wen@f宋新文, 庞德志主编@Fsong xin wen,pang de zhi zhu bian |
| 210 | @a北京@c化学工业出版社@d2008.01 | |
| 215 | @a205页@d21cm | |
| 320 | @a有书目 (第204-205页) | |
| 330 | @a小儿用药如何正确选择和应用是家长们所关心的问题,而临床药师直接面对家长们的用药咨询。为了使临床药师能够在用药咨询工作中与家长们有良好的沟通,本书选取了100个儿科临床上常见的用药问题进行了解答,主要是就小儿常见疾病用药的选择和使用问题,以及药物不良反应和需要注意的事项等问题给以介绍。 | |
| 606 | 0 | @a小儿疾病@Axiao er ji bing@x药物@j问答 |
| 690 | @aR985-44@v4 | |
| 701 | 0 | @a宋新文@Asong xin wen@4主编 |
| 701 | 0 | @a庞德志@Apang de zhi@4主编 |
| 801 | 0 | @aCN@bQSSK@c20080508 |
| 905 | @b707451-52@dR985-44@eS783@f2 | |
| 小儿临床用药100问/宋新文, 庞德志主编.-北京:化学工业出版社,2008.01 |
| 205页;21cm |
| ISBN 978-7-122-01313-2:CNY16.00 |
| 小儿用药如何正确选择和应用是家长们所关心的问题,而临床药师直接面对家长们的用药咨询。为了使临床药师能够在用药咨询工作中与家长们有良好的沟通,本书选取了100个儿科临床上常见的用药问题进行了解答,主要是就小儿常见疾病用药的选择和使用问题,以及药物不良反应和需要注意的事项等问题给以介绍。 |
| ● |
| 相关链接 |
|
|
|
正题名:小儿临床用药100问
索取号:R985-44/S783
 
预约/预借
| 序号 | 登录号 | 条形码 | 馆藏地/架位号 | 状态 | 备注 |
| 1 | 707451 | 207074510 | 期刊室512/401自科库 23排3列3层/ [索取号:R985-44/S783] | 在馆 | |
| 2 | 707452 | 207074529 | 期刊室512/401自科库 23排3列3层/ [索取号:R985-44/S783] | 在馆 |